00623nam a2200193 a 45000010005000000030009000050080041000140200015000550400028000700820017000981000028001152450037001432600036001803000010002166500035002269420012002619990017002739520139002906885CO-ViMGA141112s2004 ck r 000 u spa d a8472482510 aCO-ViMGAbspacCO-ViMGA04a346.045 F8371 aFuertes, Mercedes9588410aUrbanismo y publicidad registral aMadrid : bMarcial Pons, c1995 a185 p14aURBANISMO - LEGISLACION948318 2ddccBK c18853d18853 00102ddc40708002aMEVIECARbMEVIECARd2015-12-04h11/jun/2009l0o346.045 F837 p04112r2015-12-04 00:00:00tEj. 1w2015-12-04yBK